000 00737nam a2200277Ia 4500
003 OSt
005 20221007110923.0
006 a|||||r|||| 00| 0
007 ta
008 221006b |||||||| |||| 00| 0 eng d
024 _a22,145
037 _cTextual
040 _aLCO
_cLCO
_beng
041 _2eng
_aeng
082 _aX7295:53, M1
100 _aKohli D.N.
_9707986
245 0 _aCustoms Tariff 1981 - 82
250 _a4th
260 _aNew
_bDelhi Cen - Cus Publications India
_c1981
300 _avarious
650 _aCUSTOMS
_9701754
700 _a Ahluwalia S.S.
700 _a Sharma B.N.
942 _hX7295:53, M1
_cTEXL
999 _c1191708
_d1191708